[Event "IECC CL0-2020.00 email"]
[Site "IECC email"]
[Date "2020.12.13"]
[Round "?"]
[White "Pehl, Ferenc"]
[Black "Gnuva, Luca"]
[Result "1/2-1/2"]
[WhiteElo "1034"]
[BlackElo "1197"]
[PlyCount "83"]
[EventDate "2020.08.05"]
[EventType "tourn (corr)"]
[EventRounds "4"]
[SourceTitle "Corr 2022"]
[Source "ChessBase"]
[SourceDate "2021.10.24"]
[SourceVersion "1"]
[SourceVersionDate "2021.10.24"]
[SourceQuality "1"]

1. e4 c6 2. d4 d5 3. exd5 cxd5 4. Be3 Nf6 5. Nc3 Nc6 6. a3 g6 7. h3 Bg7 8. Bb5 Bd7 9. Bxc6 Bxc6 10. Nf3 0-0 11. 0-0 Re8 12. Re1 e6 13. Rb1 Rc8 14. Ne5 Nd7 15. Nxd7 Qxd7 16. Qd2 a6 17. Rbd1 Rcd8 18. Ne2 Bb5 19. Nc3 f5 20. Nxb5 Qxb5 21. c3 e5 22. dxe5 Bxe5 23. Qc2 Rc8 24. Qb1 Kf7 25. Qa2 Rcd8 26. Bg5 Bf6 27. Bxf6 Kxf6 28. Rxe8 Qxe8 29. b4 Qe5 30. Qd2 b5 31. Re1 Qd6 32. Qd4+ Kf7 33. g3 h5 34. Kg2 Rc8 35. h4 Rc4 36. Qe3 Re4 37. Qa7+ Qe7 38. Qxe7+ Rxe7 39. Rxe7+ Kxe7 40. Kf3 Ke6 41. Kf4 Kf6 42. Ke3 1/2-1/2

[Event "ZL-2020-0-02279"]
[Site "LSS email"]
[Date "2020.12.12"]
[Round "?"]
[White "Aleixandre, Pascal"]
[Black "Gnuva, Luca"]
[Result "1-0"]
[WhiteElo "1222"]
[BlackElo "1185"]
[PlyCount "41"]
[EventDate "2020.10.13"]
[EventType "match (corr)"]
[EventRounds "2"]
[EventCountry "GER"]
[SourceTitle "Corr 2022"]
[Source "ChessBase"]
[SourceDate "2021.10.24"]
[SourceVersion "1"]
[SourceVersionDate "2021.10.24"]
[SourceQuality "1"]

1. e4 c6 2. d4 d5 3. e5 g6 4. c4 Bg7 5. Nc3 e6 6. Nf3 Ne7 7. Be2 0-0 8. 0-0 Nd7 9. a3 Re8 10. b4 Nf5 11. cxd5 exd5 12. Re1 b5 13. Ra2 Nb6 14. Rc2 Qc7 15. Nxb5 Qe7 16. Bg5 Qb7 17. Nd6 Nxd6 18. exd6 Be6 19. Ne5 Nd7 20. Nxc6 Rac8 21. Ne7+ 1-0

[Event "IECC CL0-2020.00 email"]
[Site "IECC email"]
[Date "2020.11.30"]
[Round "?"]
[White "Dan, Peterjohn"]
[Black "Gnuva, Luca"]
[Result "0-1"]
[WhiteElo "1086"]
[BlackElo "1197"]
[PlyCount "43"]
[EventDate "2020.08.05"]
[EventType "tourn (corr)"]
[EventRounds "4"]
[SourceTitle "Corr 2022"]
[Source "ChessBase"]
[SourceDate "2021.10.24"]
[SourceVersion "1"]
[SourceVersionDate "2021.10.24"]
[SourceQuality "1"]

1. d4 Nf6 2. c4 g6 3. Nc3 Bg7 4. e4 d6 5. Nf3 0-0 6. Be2 e5 7. d5 Nbd7 8. 0-0 Nc5 9. Bg5 h6 10. Be3 Re8 11. b4 Ncxe4 12. Bd2 Nxc3 13. Bxc3 b6 14. b5 Ne4 15. Rc1 a5 16. a4 Bg4 17. Bd3 Nc5 18. h3 Bxf3 19. Qxf3 e4 20. Qf4 Nxd3 21. Bxg7 Nxf4 22. Bxh6 0-1

[Event "ZN-2015-0-02979"]
[Site "LSS email"]
[Date "2015.01.30"]
[Round "?"]
[White "Gnuva, Luca"]
[Black "Malyszek, Tomasz"]
[Result "1-0"]
[WhiteElo "1188"]
[BlackElo "1040"]
[PlyCount "69"]
[EventDate "2015.01.27"]
[EventType "match (corr)"]
[EventRounds "2"]
[EventCountry "GER"]
[SourceTitle "Corr 2022"]
[Source "ChessBase"]
[SourceDate "2021.10.24"]
[SourceVersion "1"]
[SourceVersionDate "2021.10.24"]
[SourceQuality "1"]

1. e4 e5 2. Nf3 d6 3. Bc4 Be7 4. 0-0 Nf6 5. Re1 h6 6. c3 0-0 7. d4 Bg4 8. h3 Bh5 9. Nbd2 Nh7 10. dxe5 dxe5 11. g4 Bg6 12. Nxe5 Qd6 13. Ndf3 Qxd1 14. Rxd1 Bxe4 15. Nxf7 Bxf3 16. Ne5+ Rf7 17. Bxf7+ Kf8 18. Nxf3 Kxf7 19. Ne5+ Kg8 20. f4 Bc5+ 21. Kg2 Na6 22. a3 Re8 23. b4 Bd6 24. Ng6 Re6 25. f5 Re2+ 26. Kf1 Rh2 27. h4 Nf6 28. Rd4 Rc2 29. c4 b6 30. Bf4 Nxg4 31. Re1 Nf6 32. Bxd6 cxd6 33. Rxd6 Nh7 34. Re8+ Kf7 35. Re7+ 1-0

[Event "SN-2013-0-00522"]
[Site "LSS email"]
[Date "2013.07.04"]
[Round "?"]
[White "Gnuva, Luca"]
[Black "Linart, Ludvik"]
[Result "1-0"]
[WhiteElo "889"]
[BlackElo "869"]
[PlyCount "65"]
[EventDate "2013.06.21"]
[EventType "tourn (corr)"]
[EventRounds "6"]
[EventCountry "GER"]
[SourceTitle "Telechess CBM 163"]
[Source "ChessBase"]
[SourceDate "2014.11.11"]
[SourceVersion "2"]
[SourceVersionDate "2014.11.11"]
[SourceQuality "1"]

1. e4 e5 2. Nf3 Nc6 3. Bb5 Bc5 4. 0-0 Nge7 5. Re1 0-0 6. c3 a6 7. Bxc6 Nxc6 8. d4 exd4 9. cxd4 Bb6 10. Nc3 d6 11. h3 Kh8 12. a3 Ne7 13. d5 Bd7 14. Bg5 f6 15. Bh4 Ng6 16. Qd2 Ne5 17. Nxe5 dxe5 18. Rad1 Bd4 19. Ne2 c5 20. Nxd4 cxd4 21. Rc1 Qb6 22. Rc4 Bb5 23. Rb4 a5 24. Rb3 Qa6 25. Rc1 Bc4 26. Rf3 a4 27. Qb4 b5 28. g4 Rfc8 29. g5 Be2 30. Rxc8+ Rxc8 31. Rg3 Qb6 32. gxf6 gxf6 33. Qe7 1-0

[Event "RN-2013-0-00663"]
[Site "LSS email"]
[Date "2013.07.03"]
[Round "?"]
[White "Feng, Jason"]
[Black "Gnuva, Luca"]
[Result "0-1"]
[WhiteElo "879"]
[BlackElo "889"]
[PlyCount "52"]
[EventDate "2013.06.24"]
[EventType "tourn (corr)"]
[EventRounds "6"]
[EventCountry "GER"]
[SourceTitle "Telechess CBM 161"]
[Source "ChessBase"]
[SourceDate "2014.07.16"]
[SourceVersion "1"]
[SourceVersionDate "2014.07.16"]
[SourceQuality "1"]

1. e4 c6 2. d4 d5 3. Nc3 dxe4 4. Nxe4 Bf5 5. Ng3 Bg6 6. Nf3 Nd7 7. Be3 Ngf6 8. Qd2 e6 9. 0-0-0 Be7 10. Ne5 Nxe5 11. dxe5 Qxd2+ 12. Rxd2 Nd5 13. Bd4 0-0 14. Kb1 a5 15. h4 h6 16. Bd3 Bxd3 17. cxd3 b5 18. Ne2 c5 19. Be3 Nxe3 20. fxe3 Rfd8 21. d4 b4 22. h5 a4 23. Rc1 cxd4 24. Rxd4 Bg5 25. Rxb4 Bxe3 26. Re1 Bd2 0-1

[Event "SN-2013-0-00522"]
[Site "LSS email"]
[Date "2013.07.03"]
[Round "?"]
[White "Gnuva, Luca"]
[Black "Kalinin, Aleksej"]
[Result "1-0"]
[WhiteElo "889"]
[BlackElo "743"]
[PlyCount "109"]
[EventDate "2013.06.21"]
[EventType "tourn (corr)"]
[EventRounds "6"]
[EventCountry "GER"]
[SourceTitle "Telechess CBM 163"]
[Source "ChessBase"]
[SourceDate "2014.11.11"]
[SourceVersion "2"]
[SourceVersionDate "2014.11.11"]
[SourceQuality "1"]

1. e4 d5 2. exd5 Qxd5 3. Nc3 Qe5+ 4. Qe2 Qxe2+ 5. Bxe2 e5 6. Nf3 Bd6 7. 0-0 a6 8. d3 Nc6 9. a3 Bg4 10. Re1 0-0-0 11. Ng5 Be6 12. Nxe6 fxe6 13. Bg5 Be7 14. Ne4 Nd4 15. Bd1 Rf8 16. c3 Nc6 17. Bb3 Nd8 18. Bxe7 Nxe7 19. Re2 h6 20. Rae1 b6 21. Ng3 Ng6 22. f3 Nf4 23. Re3 Nc6 24. Ne2 Re8 25. Nxf4 exf4 26. Rxe6 Kd7 27. Rxe8 Rxe8 28. Rxe8 Kxe8 29. d4 Ke7 30. Kf2 Kd6 31. Ke2 g5 32. Kd3 Ne7 33. Ke4 h5 34. Bf7 c6 35. Bxh5 a5 36. a4 b5 37. axb5 cxb5 38. Be8 b4 39. cxb4 axb4 40. Bf7 Kc6 41. g3 fxg3 42. hxg3 Kd6 43. f4 gxf4 44. gxf4 Kc6 45. Ke5 Kb6 46. f5 Nc6+ 47. Ke4 Kc7 48. f6 Kd7 49. Bd5 Nd8 50. Ke5 Ke8 51. Kd6 Kf8 52. Kd7 Nf7 53. Bxf7 Kxf7 54. Kc7 Kxf6 55. d5 1-0

[Event "RN-2013-0-00663"]
[Site "LSS email"]
[Date "2013.07.03"]
[Round "?"]
[White "Gnuva, Luca"]
[Black "Mori, Roberto"]
[Result "1-0"]
[WhiteElo "889"]
[BlackElo "734"]
[PlyCount "55"]
[EventDate "2013.06.24"]
[EventType "tourn (corr)"]
[EventRounds "6"]
[EventCountry "GER"]
[SourceTitle "Telechess CBM 161"]
[Source "ChessBase"]
[SourceDate "2014.07.16"]
[SourceVersion "1"]
[SourceVersionDate "2014.07.16"]
[SourceQuality "1"]

1. e4 e5 2. Nf3 Nc6 3. Bb5 Nf6 4. d3 Bb4+ 5. Bd2 Bc5 6. 0-0 h6 7. Re1 Ng4 8. h3 Nf6 9. c3 0-0 10. Be3 Bb6 11. Bxb6 axb6 12. Nbd2 Na7 13. a4 Nxb5 14. axb5 d6 15. Rxa8 Qe7 16. c4 Nh5 17. Nh2 Qg5 18. Ndf3 Qg6 19. Ng4 Bxg4 20. Rxf8+ Kxf8 21. hxg4 Nf6 22. Nh2 c6 23. bxc6 bxc6 24. b4 Nh7 25. Qa4 d5 26. cxd5 Nf6 27. Qxc6 b5 28. f3 1-0

[Event "RN-2013-0-00663"]
[Site "LSS email"]
[Date "2013.07.03"]
[Round "?"]
[White "Venturas, Bob"]
[Black "Gnuva, Luca"]
[Result "1/2-1/2"]
[WhiteElo "731"]
[BlackElo "889"]
[PlyCount "78"]
[EventDate "2013.06.24"]
[EventType "tourn (corr)"]
[EventRounds "6"]
[EventCountry "GER"]
[SourceTitle "Telechess CBM 161"]
[Source "ChessBase"]
[SourceDate "2014.07.16"]
[SourceVersion "1"]
[SourceVersionDate "2014.07.16"]
[SourceQuality "1"]

1. d4 Nf6 2. Nc3 g6 3. e4 Bg7 4. Nf3 d6 5. Be3 0-0 6. Bd3 e6 7. 0-0 Re8 8. h3 c6 9. Nh2 e5 10. f3 Nh5 11. Bf2 exd4 12. Ne2 c5 13. c3 dxc3 14. bxc3 b6 15. Bc4 Ba6 16. Bd5 Bxe2 17. Qxe2 Bxc3 18. Rab1 Nd7 19. Qc4 Ne5 20. Qxc3 Nf4 21. Rfe1 Rb8 22. g3 Nxh3+ 23. Kg2 Qd7 24. g4 Nxf2 25. Kxf2 a6 26. Rh1 b5 27. Qe3 c4 28. Qh6 c3 29. Nf1 c2 30. Qxh7+ Kf8 31. Qh6+ Ke7 32. Qg5+ Kf8 33. Qf6 Qa7+ 34. Kg3 Qg1+ 35. Rxg1 cxb1Q 36. Rh1 Qe1+ 37. Kg2 Qe2+ 38. Kg3 Qe1+ 39. Kg2 Qe2+ 1/2-1/2

[Event "SN-2011-0-00313"]
[Site "LSS email"]
[Date "2011.02.17"]
[Round "?"]
[White "Tutov, Nikolay"]
[Black "Gnuva, Luca"]
[Result "1-0"]
[WhiteElo "1213"]
[BlackElo "800"]
[PlyCount "61"]
[EventDate "2011.01.31"]
[EventType "tourn (corr)"]
[EventRounds "6"]
[EventCountry "GER"]
[SourceTitle "Telechess CBM 151"]
[Source "ChessBase"]
[SourceDate "2012.11.13"]
[SourceVersion "1"]
[SourceVersionDate "2012.11.13"]
[SourceQuality "1"]

1. d4 Nf6 2. Nf3 g6 3. e3 Bg7 4. Be2 0-0 5. 0-0 d6 6. c4 b6 7. Nc3 c5 8. d5 Bb7 9. h3 Re8 10. Qc2 e6 11. e4 exd5 12. exd5 Nbd7 13. Bf4 Ne5 14. Nxe5 dxe5 15. Bg5 Qd7 16. Rfe1 Ba6 17. Bh4 Rad8 18. Rad1 h5 19. Bd3 Qd6 20. Qa4 Bc8 21. Nb5 Qd7 22. Qxa7 Qxa7 23. Nxa7 Rd7 24. Nxc8 Rxc8 25. Rxe5 Ng4 26. Re7 Rxe7 27. Bxe7 Ne5 28. d6 Bf8 29. Be4 Bxe7 30. dxe7 Nc6 31. Bxc6 1-0

[Event "SN-2011-0-00313"]
[Site "LSS email"]
[Date "2011.02.17"]
[Round "?"]
[White "Van Esbroeck, Dirk"]
[Black "Gnuva, Luca"]
[Result "1-0"]
[WhiteElo "940"]
[BlackElo "800"]
[PlyCount "47"]
[EventDate "2011.01.31"]
[EventType "tourn (corr)"]
[EventRounds "6"]
[EventCountry "GER"]
[SourceTitle "Telechess CBM 151"]
[Source "ChessBase"]
[SourceDate "2012.11.13"]
[SourceVersion "1"]
[SourceVersionDate "2012.11.13"]
[SourceQuality "1"]

1. b4 Nf6 2. Bb2 g6 3. Bxf6 exf6 4. a3 d5 5. d4 Be7 6. g3 0-0 7. Bg2 c6 8. Nf3 Re8 9. 0-0 Nd7 10. Nbd2 Nb6 11. c3 Bg4 12. Rc1 Bxf3 13. Bxf3 f5 14. e3 Qc7 15. Qb3 Nd7 16. c4 dxc4 17. Nxc4 b5 18. Na5 Rac8 19. Nxc6 Nb6 20. Ne5 Nc4 21. Qa2 Qb6 22. Nxc4 bxc4 23. Rxc4 Rxc4 24. Qxc4 1-0

[Event "SN-2010-0-00302"]
[Site "LSS email"]
[Date "2011.01.11"]
[Round "?"]
[White "Gnuva, Luca"]
[Black "Neil, Charles"]
[Result "1-0"]
[WhiteElo "809"]
[BlackElo "424"]
[PlyCount "39"]
[EventDate "2010.12.25"]
[EventType "tourn (corr)"]
[EventRounds "6"]
[EventCountry "GER"]
[SourceTitle "Telechess CBM 145"]
[Source "Chessbase"]
[SourceDate "2011.11.11"]
[SourceVersion "1"]
[SourceVersionDate "2011.11.11"]
[SourceQuality "1"]

1. e4 c5 2. Nf3 Nc6 3. d4 cxd4 4. Nxd4 Nf6 5. Nc3 e6 6. Bc4 Bb4 7. 0-0 Bxc3 8. bxc3 Nxe4 9. Qg4 Nf6 10. Qxg7 Rg8 11. Qh6 Ne5 12. Bb3 Rg6 13. Qf4 Nc6 14. Nxc6 bxc6 15. Be3 Bb7 16. g3 d5 17. Rad1 Qd7 18. c4 0-0-0 19. Bxa7 h5 20. Qb8# 1-0

[Event "SN-2010-0-00302"]
[Site "LSS email"]
[Date "2011.01.11"]
[Round "?"]
[White "Martindale, Roger"]
[Black "Gnuva, Luca"]
[Result "1-0"]
[WhiteElo "759"]
[BlackElo "809"]
[PlyCount "69"]
[EventDate "2010.12.25"]
[EventType "tourn (corr)"]
[EventRounds "6"]
[EventCountry "GER"]
[SourceTitle "Telechess CBM 145"]
[Source "Chessbase"]
[SourceDate "2011.11.11"]
[SourceVersion "1"]
[SourceVersionDate "2011.11.11"]
[SourceQuality "1"]

1. e4 c6 2. d4 d5 3. exd5 cxd5 4. c4 Nf6 5. h3 e6 6. Nf3 Be7 7. Nc3 0-0 8. Bd3 g6 9. a4 Nc6 10. c5 b6 11. Bh6 Re8 12. Bb5 Bd7 13. 0-0 a6 14. Bd3 bxc5 15. dxc5 Bxc5 16. Qc1 Be7 17. Re1 Nb4 18. Qd2 Qb6 19. a5 Qc6 20. Ne5 Qb7 21. Nxd7 Qxd7 22. Na4 Qb7 23. Nb6 Rab8 24. Bf4 Rbc8 25. Nxc8 Nxd3 26. Nxe7+ Rxe7 27. Qxd3 Ne4 28. Reb1 Nc5 29. Qc2 Nb3 30. Ra3 Nd4 31. Qd3 Nb5 32. Rb3 e5 33. Bg5 Rc7 34. Rc1 Rxc1+ 35. Bxc1 1-0

[Event "SN-2010-0-00292"]
[Site "LSS email"]
[Date "2010.12.01"]
[Round "?"]
[White "Molina, Vicente Andres"]
[Black "Gnuva, Luca"]
[Result "0-1"]
[WhiteElo "801"]
[BlackElo "809"]
[PlyCount "72"]
[EventDate "2010.11.15"]
[EventType "tourn (corr)"]
[EventRounds "6"]
[EventCountry "GER"]
[SourceTitle "Telechess CBM 145"]
[Source "Chessbase"]
[SourceDate "2011.11.11"]
[SourceVersion "1"]
[SourceVersionDate "2011.11.11"]
[SourceQuality "1"]

1. c4 Nf6 2. Nc3 g6 3. g3 Bg7 4. Bg2 d6 5. d4 0-0 6. e4 e5 7. dxe5 dxe5 8. Qxd8 Rxd8 9. Nf3 c5 10. Be3 b6 11. Ke2 Nc6 12. Nd5 Nxd5 13. exd5 Nd4+ 14. Nxd4 cxd4 15. Bg5 f6 16. Bd2 Bb7 17. Kd3 a5 18. Rhf1 Rac8 19. b3 Ba6 20. f4 b5 21. fxe5 bxc4+ 22. bxc4 Bxc4+ 23. Kxd4 Bxf1 24. Rxf1 fxe5+ 25. Kd3 a4 26. Ba5 Rf8 27. Rxf8+ Rxf8 28. d6 Kf7 29. Bd5+ Kf6 30. g4 Kg5 31. d7 Bf6 32. Be6 Bd8 33. Bb4 Rf6 34. Bd2+ Kh4 35. Be1+ Kh3 36. g5+ Rxe6 0-1

[Event "SN-2010-0-00292"]
[Site "LSS email"]
[Date "2010.12.01"]
[Round "?"]
[White "Pauk, Jozef"]
[Black "Gnuva, Luca"]
[Result "0-1"]
[WhiteElo "852"]
[BlackElo "843"]
[PlyCount "54"]
[EventDate "2010.11.15"]
[EventType "tourn (corr)"]
[EventRounds "6"]
[EventCountry "GER"]
[SourceTitle "Telechess CBM 143"]
[Source "ChessBase"]
[SourceDate "2011.07.15"]
[SourceVersion "1"]
[SourceVersionDate "2011.07.15"]
[SourceQuality "1"]

1. e4 c6 2. Nf3 d5 3. e5 Bg4 4. Be2 e6 5. d4 Nd7 6. Be3 Bb4+ 7. c3 Ba5 8. Nbd2 Ne7 9. b4 Bb6 10. Ng5 Bxe2 11. Qxe2 h6 12. Qh5 0-0 13. Nh3 Nf5 14. Nf3 Nxe3 15. fxe3 Qe7 16. g4 f6 17. g5 fxg5 18. Nhxg5 Rf5 19. h4 Qe8 20. Qg4 hxg5 21. hxg5 Qg6 22. Rh5 Raf8 23. Nh2 Bd8 24. Qh4 Bxg5 25. Rh8+ Kf7 26. Rxf8+ Kxf8 27. Qg3 Bh4 0-1

[Event "OP-2010-0-01314"]
[Site "LSS email"]
[Date "2010.11.12"]
[Round "?"]
[White "Stevenson, Walter"]
[Black "Gnuva, Luca"]
[Result "0-1"]
[WhiteElo "712"]
[BlackElo "825"]
[PlyCount "56"]
[EventDate "2010.11.08"]
[EventType "tourn (corr)"]
[EventRounds "4"]
[EventCountry "GER"]
[SourceTitle "Telechess CBM 143"]
[Source "ChessBase"]
[SourceDate "2011.07.15"]
[SourceVersion "1"]
[SourceVersionDate "2011.07.15"]
[SourceQuality "1"]

1. d4 g6 2. c4 Bg7 3. Nc3 Nf6 4. Nf3 d6 5. e3 0-0 6. Be2 Re8 7. 0-0 Bg4 8. h3 Bxf3 9. Bxf3 c6 10. Qc2 d5 11. cxd5 Nxd5 12. Nxd5 cxd5 13. b3 Nc6 14. Qd2 e5 15. Bb2 Rc8 16. Rab1 a6 17. dxe5 Bxe5 18. Bxe5 Rxe5 19. Bg4 f5 20. Bf3 Qd6 21. Rbd1 Rd8 22. Qb2 b5 23. Rd2 Kf7 24. Rfd1 Ke6 25. Bxd5+ Rxd5 26. Rxd5 Qc7 27. Rxd8 Nxd8 28. Qc2 Qxc2 0-1

[Event "SN-2010-0-00280"]
[Site "LSS email"]
[Date "2010.10.14"]
[Round "?"]
[White "Gnuva, Luca"]
[Black "Rodriguez, Raul"]
[Result "0-1"]
[WhiteElo "771"]
[BlackElo "1194"]
[PlyCount "52"]
[EventDate "2010.09.22"]
[EventType "tourn (corr)"]
[EventRounds "6"]
[EventCountry "GER"]
[SourceTitle "Telechess CBM 143"]
[Source "ChessBase"]
[SourceDate "2011.07.15"]
[SourceVersion "1"]
[SourceVersionDate "2011.07.15"]
[SourceQuality "1"]

1. e4 e6 2. d4 d5 3. exd5 exd5 4. Nf3 Nf6 5. Be2 Bd6 6. h3 Nc6 7. 0-0 0-0 8. Re1 Re8 9. Nc3 h6 10. Be3 Bf5 11. Bd3 Qd7 12. a3 Na5 13. b4 Nc6 14. Nb5 Rac8 15. Nxd6 cxd6 16. Bf4 Be4 17. Bxe4 dxe4 18. d5 Ne7 19. Nd4 Nexd5 20. Be3 Rc4 21. Qd2 Rec8 22. Rac1 Nc3 23. Ne2 d5 24. g3 Nxe2+ 25. Rxe2 Qxh3 26. Bxa7 Ng4 0-1

[Event "OP-2010-0-01284"]
[Site "LSS email"]
[Date "2010.10.10"]
[Round "?"]
[White "Gnuva, Luca"]
[Black "Shim Ng Min, Francis"]
[Result "0-1"]
[WhiteElo "771"]
[BlackElo "1456"]
[PlyCount "62"]
[EventDate "2010.10.03"]
[EventType "tourn (corr)"]
[EventRounds "4"]
[EventCountry "GER"]
[SourceTitle "Telechess CBM 143"]
[Source "ChessBase"]
[SourceDate "2011.07.15"]
[SourceVersion "1"]
[SourceVersionDate "2011.07.15"]
[SourceQuality "1"]

1. e4 c5 2. Nf3 d6 3. d4 cxd4 4. Nxd4 Nf6 5. Nc3 a6 6. Be2 e5 7. Nf3 h6 8. 0-0 Be6 9. Re1 Be7 10. Nd5 Nxd5 11. exd5 Bf5 12. c4 Nd7 13. b3 0-0 14. h3 Rc8 15. Be3 Bh7 16. Nd2 f5 17. g3 f4 18. gxf4 exf4 19. Bd4 Bf6 20. Bxf6 Rxf6 21. Kh2 Ne5 22. Nf3 Nxf3+ 23. Bxf3 Qd7 24. Bg4 Bf5 25. Re4 h5 26. Bxf5 Qxf5 27. Qd3 Rcf8 28. Rae1 f3 29. R1e3 Rg6 30. h4 Rg2+ 31. Kh1 Qh3# 0-1

[Event "OP-2010-0-01284"]
[Site "LSS email"]
[Date "2010.10.10"]
[Round "?"]
[White "Matugin, Sergei"]
[Black "Gnuva, Luca"]
[Result "1-0"]
[WhiteElo "1727"]
[BlackElo "853"]
[PlyCount "21"]
[EventDate "2010.10.03"]
[EventType "tourn (corr)"]
[EventRounds "4"]
[EventCountry "GER"]
[SourceTitle "Corr 2015"]
[Source "ChessBase"]
[SourceDate "2015.07.17"]
[SourceVersion "1"]
[SourceVersionDate "2015.07.17"]
[SourceQuality "1"]

1. e4 c6 2. d4 d5 3. Nc3 dxe4 4. Nxe4 Bf5 5. Ng3 Bg6 6. h4 h6 7. Nf3 Nd7 8. h5 Bh7 9. Bd3 Bxd3 10. Qxd3 f6 11. Qg6# 1-0

[Event "OP-2010-0-01284"]
[Site "LSS email"]
[Date "2010.10.10"]
[Round "?"]
[White "Zonneveld, Will"]
[Black "Gnuva, Luca"]
[Result "1-0"]
[WhiteElo "1596"]
[BlackElo "862"]
[PlyCount "35"]
[EventDate "2010.10.03"]
[EventType "tourn (corr)"]
[EventRounds "4"]
[EventCountry "GER"]
[SourceTitle "Telechess CBM 143"]
[Source "ChessBase"]
[SourceDate "2011.07.15"]
[SourceVersion "1"]
[SourceVersionDate "2011.07.15"]
[SourceQuality "1"]

1. d4 Nf6 2. c4 g6 3. Nc3 Bg7 4. e4 d6 5. h3 0-0 6. Nf3 Nbd7 7. Be3 Re8 8. e5 dxe5 9. dxe5 Nh5 10. g4 Nxe5 11. Nxe5 Qxd1+ 12. Rxd1 Bxe5 13. gxh5 Bxc3+ 14. bxc3 Bf5 15. Bg2 c6 16. hxg6 hxg6 17. 0-0 Bd3 18. Rxd3 1-0

[Event "ZN-2010-0-01173"]
[Site "LSS email"]
[Date "2010.10.08"]
[Round "?"]
[White "Zimmermann, Jan Erik"]
[Black "Gnuva, Luca"]
[Result "1-0"]
[WhiteElo "967"]
[BlackElo "862"]
[PlyCount "53"]
[EventDate "2010.09.26"]
[EventType "match (corr)"]
[EventRounds "2"]
[EventCountry "GER"]
[SourceTitle "Telechess CBM 143"]
[Source "ChessBase"]
[SourceDate "2011.07.15"]
[SourceVersion "1"]
[SourceVersionDate "2011.07.15"]
[SourceQuality "1"]

1. e4 c6 2. d4 d5 3. Nd2 dxe4 4. Nxe4 Bf5 5. Ng3 e6 6. Nxf5 exf5 7. Bf4 Nf6 8. Nf3 h6 9. c3 Bd6 10. Bxd6 Qxd6 11. Bd3 Ne4 12. 0-0 0-0 13. Re1 Re8 14. Nh4 g6 15. f3 Qd5 16. fxe4 fxe4 17. Bc2 g5 18. Qg4 Kh8 19. Nf5 Re6 20. Rxe4 Nd7 21. Rxe6 Qxe6 22. Qh5 Re8 23. Qxh6+ Qxh6 24. Nxh6 Kg7 25. Nf5+ Kf6 26. Rf1 Re2 27. Ng3+ 1-0

[Event "IECC O-3236"]
[Site "IECC email"]
[Date "2010.10.07"]
[Round "?"]
[White "Gnuva, Luca"]
[Black "Kellaway, Ted"]
[Result "1-0"]
[WhiteElo "1285"]
[BlackElo "1314"]
[PlyCount "70"]
[EventDate "2010.??.??"]
[EventType "swiss (corr)"]
[EventRounds "2"]
[SourceTitle "Telechess CBM 149"]
[Source "ChessBase"]
[SourceDate "2012.07.17"]
[SourceVersion "1"]
[SourceVersionDate "2012.07.17"]
[SourceQuality "1"]
[WhiteTeam "Italy"]
[BlackTeam "South Africa"]
[WhiteTeamCountry "ITA"]
[BlackTeamCountry "RSA"]

1. e4 e5 2. Nf3 Nc6 3. Bb5 Nf6 4. d3 h6 5. 0-0 d6 6. Re1 Be7 7. h3 Bd7 8. c3 a6 9. Bxc6 Bxc6 10. Nbd2 b5 11. d4 0-0 12. d5 Bd7 13. b3 c6 14. c4 c5 15. cxb5 axb5 16. Bb2 Nh7 17. Nf1 f5 18. exf5 Bxf5 19. Ng3 g6 20. Nxf5 Rxf5 21. Qd3 Qb6 22. g4 Rf6 23. Bc1 Bf8 24. g5 hxg5 25. Bxg5 Rf5 26. h4 Bg7 27. Re3 e4 28. Qxe4 Nxg5 29. Nxg5 Bxa1 30. Qe6+ Kh8 31. Qxg6 Rxg5+ 32. hxg5 Bg7 33. Rh3+ Kg8 34. Qh7+ Kf7 35. Rf3+ Ke8 1-0

[Event "IECC M-4924"]
[Site "IECC email"]
[Date "2004.01.19"]
[Round "?"]
[White "Talim, Satish"]
[Black "Gnuva, Luca"]
[Result "1-0"]
[WhiteElo "1200"]
[BlackElo "1324"]
[PlyCount "55"]
[EventDate "2004.??.??"]
[EventType "tourn (corr)"]
[EventRounds "10"]
[SourceTitle "Corr 2020"]
[Source "ChessBase"]
[SourceDate "2019.09.30"]
[SourceVersion "1"]
[SourceVersionDate "2019.09.30"]
[SourceQuality "1"]
[WhiteTeam "India"]
[BlackTeam "Italy"]
[WhiteTeamCountry "IND"]
[BlackTeamCountry "ITA"]

1. e4 c6 2. d4 d5 3. e5 Bf5 4. Nd2 e6 5. Nb3 Nd7 6. Nf3 Ne7 7. Be3 Ng6 8. Nfd2 Be7 9. g4 Be4 10. f3 Bh4+ 11. Ke2 Bxc2 12. Qxc2 0-0 13. f4 Ne7 14. Nf3 Nc8 15. g5 Bxg5 16. Nxg5 g6 17. h4 Ne7 18. h5 Nf5 19. hxg6 hxg6 20. Ke1 Re8 21. Qh2 Kf8 22. Bd2 a5 23. Qh7 Ng7 24. Bd3 b5 25. Nxf7 Qb6 26. Nd6 Reb8 27. f5 gxf5 28. Rg1 1-0

[Event "IECC M email"]
[Site "IECC email"]
[Date "2001.06.17"]
[Round "?"]
[White "Tan, Jacinto"]
[Black "Gnuva, Luca"]
[Result "0-1"]
[WhiteElo "1166"]
[BlackElo "1296"]
[PlyCount "76"]
[EventDate "2001.??.??"]
[EventType "tourn (corr)"]
[EventRounds "6"]
[SourceTitle "Corr 2008"]
[Source "ChessBase"]
[SourceDate "2008.06.24"]
[SourceVersion "1"]
[SourceVersionDate "2008.06.24"]
[SourceQuality "1"]

1. d4 Nf6 2. Nc3 g6 3. e4 d6 4. Be2 Bg7 5. Be3 0-0 6. h4 e5 7. d5 c6 8. h5 Re8 9. hxg6 fxg6 10. Qd2 cxd5 11. exd5 Ng4 12. Bxg4 Bxg4 13. f3 Bd7 14. 0-0-0 Na6 15. Ne4 Qc7 16. Ne2 b6 17. N2c3 Nc5 18. Bh6 Bh8 19. Bg5 Nxe4 20. Nxe4 Bf5 21. Nf6+ Bxf6 22. Bxf6 Rf8 23. Bg5 Rac8 24. c3 b5 25. Rh4 Qc5 26. Be3 Qc7 27. Rdh1 Rf7 28. g4 Bd7 29. Kb1 a5 30. f4 exf4 31. Bxf4 Rcf8 32. Bh6 Rf1+ 33. Rxf1 Rxf1+ 34. Kc2 Qc5 35. Be3 Qc4 36. Qh2 Bxg4 37. Bd2 Bf5+ 38. Re4 Bxe4# 0-1